| 000 | 00805cam a2200241 a 4500 | ||
|---|---|---|---|
| 005 | 20160317081117.0 | ||
| 008 | 980302s1967 sp r 00010 spa d | ||
| 040 |
_aCO-BoBLA _cCO-BoBLA _dCo-BoIAvH |
||
| 041 | 0 | _aspa | |
| 044 | _asp | ||
| 082 | 0 | 4 |
_a595.796 _bM18v |
| 100 | 1 |
_aMaeterlinck, Maurice, _d1862-1949. |
|
| 245 | 1 | 3 |
_aLa vida de las hormigas / _cMaurice Maeterlinck ; traducido por J. Campo Moreno. |
| 250 | _aCuarta edición. | ||
| 260 |
_aMadrid : _bEspasa-Calpe, _c1967. |
||
| 300 |
_a148 páginas ; _c18 centímetros. |
||
| 490 | 0 |
_aColección austral, _v557 |
|
| 504 | _aIncluye bibliografía. | ||
| 650 | 2 | 6 |
_aHormigas _x Hábitos y conducta. |
| 650 | 1 | 6 | _aSociedades de insectos. |
| 700 | 1 |
_aCampo Moreno, J., _etraductor |
|
| 942 |
_2ddc _cLIBRO |
||
| 999 |
_c18232 _d18232 |
||